La Internacionalización de la lucha Centroamericana. El papel de los Estados Unidos y otros actores

Gespeichert in:
Bibliographische Detailangaben
1. Verfasser: Rosenberg, Mark B.
Format: Text
Veröffentlicht: San José: CSUCA
Tags: Tag hinzufügen
Keine Tags, Fügen Sie den ersten Tag hinzu!

MARC

LEADER 00000 a a2200000 04500
001 21575
003
040
090 |a 095700  
100 |a Rosenberg, Mark B.  
245 |a La Internacionalización de la lucha Centroamericana. El papel de los Estados Unidos y otros actores  
260 |a San José:   |b CSUCA  
300 |a 8 p  
999 |c 11592  |d 11592